Statistiques concernant Quiz sur la création de quizz

Cliquez ici pour prendre le quiz!

Statistiques générales

  • Ce quiz a été pris 98 fois
  • Le résultat moyen est 4 sur 10

Statistiques - réponses

QuestionRéponse% Correct
lequel des deux frères Hostetler est le modérateur des quizz qu'on soumet ?Dan
69%
Vrai ou faux : une fois que notre quizz est accepté on ne peut plus le supprimer de la plateforme jetpunk?faux
61%
combien existe-il de types de quizz différents ?5
56%
est-ce que j'aurais mieux fait de travailler sur mon pdr plutot que faire ce quizz ?oui effectivement, surtout vu mon avancement...
53%
quelle est la partie la + difficile de création d'un quizz ?trouver un sujet
38%
combien de temps environ en moyenne prend la création d'un quizz sur jetpunk a partir du moment ou le sujet est trouvé ?30min
32%
que signifie l'option "Visibilité" ?ce quizz est accessible a mes amis seulement
25%
a partir du moment ou on soumet le quizz, combien de temps ca prend pour que dan accepte ?environ 2h
19%
parmi les raisons suivantes, laquelle n'est pas une raison qui fait que dan refuse un quizz ?utilisation de photos pouvant perturber
15%
lequel des quizz suivants n'ai-je jamais fait ?quizz sur les régimes alimentaires des insectes
9%

Distribution des résultats

Percentile par nombre de réponses

% des personnes avec chaque résultat

Votre développement - résultats

Vous n’avez pas pris ce quiz